000 01114nam a2200349Ia 4500
001 Z_6203
003 CHAP
008 220113s2008 xx 000 0 und d
010 _a169447
020 _a978-970-32-4359-4
040 _cCHAP
082 _aC 636.2 G37
100 _aGasque Gómez, Ramón
_947235
245 _aEnciclopedia bovina /
_cRamón Gasque Gómez
260 _aMéxico :
_bUNAM :,
_bFacultad de Medicina Veterinaria y Zootecnia,
_c2008
300 _a437 p.
500 _aEste ejemplar es una impresión a color de un recurso electrónico
503 _aej.1: Donación
504 _aBibliografía: p. 435 - 437
650 _aAlojamiento de ganado
_9144126
650 _aEnfermedades del ganado vacuno
_xEnciclopedias
_9144127
650 _aGanado bovino
_xMéxico
_xEnciclopedias
_9144128
650 _aProducción bovina
_xEnciclopedias
_9144129
650 _aReproducción animal
_996028
856 _aDisponible en: http://www.fmvz.unam.mx/fmvz/e_bovina/Indice.pdf
901 _aC 636.2 G37
902 _aM
910 _a2008
942 _c1
942 _cc1
999 _c169447
_d169447